000 00890nac a22002651i 4500
003 EG-ScBUE
005 20250120103642.0
008 250120s1979 enka f b 000 0 eng d
020 _a0273010824
040 _aEG-ScBUE
_beng
_erda
_cEG-ScBUE
_dEG-ScBUE
082 0 4 _a526.9823
_bKIL
_222
100 1 _aKilford, W. K.,
_eauthor.
245 1 0 _aElementary air survey /
_cW. K. Kilford, lecturer in civil and structural engineering, University of Sheffield.
250 _aFourth edition.
250 _aLow priced edition.
264 1 _aLondon :
_bPitman,
_c1979.
300 _avii, 316 pages :
_billustrations ;
_c23 cm
336 _2rdacontent
_atext
_btxt
337 _aunmediated
_2rdamedia
_bn
338 _avolume
_bnc
_2rdacarrier
504 _aIncludes bibliographical references.
650 7 _aAerial photogrammetry.
_2BUEsh
655 _vReading book
942 _cBB
_2ddc
999 _c5651
_d5651